00317nam a22000977a 4500100002200000245007400022250002000096260005000116300000700166650004600173 aPatabendi,M.P.A.P aImterferons and their Medical Applications: Structure of Inrerferons aSeminar Reports aColombobInstitiute of Chemistry Ceylonc2014 a14 aStructure of interferonsaseminar reports